History Quiz

Random History or Quote Quiz

Historical Figure by Eulogizer Quiz Stats

Quiz Updated Sep 12, 2013

Challenge
Share
Tweet
Embed
Score 0/20 Timer 08:00
1 Play Today
Eulogizer Historical Figure % Correct
Robert F. Kennedy: April 5, 1968Martin Luther King, Jr.
88.3%
Edward M. Kennedy: June 8, 1968Senator Robert F. Kennedy
82.9%
Charles Spencer: September 6, 1997Princess Diana Spencer
70.3%
Joseph Cardinal Ratzinger, April 8, 2005Pope John Paul II
66.3%
Ernst Straus: May 22, 1955Albert Einstein
63%
Fidel Castro: October 18, 1967Che Guevara
60.9%
Jawaharlal Nehru: February 2, 1948Mahatma Mohandas Gandhi
57.6%
Maxim Gorky: 1924Vladimir Ilyitch Lenin
57.3%
Walt Whitman: 1865President Abraham Lincoln
55.6%
Friedrich Engels: March 17, 1883Karl Marx
54.4%
Eulogizer Historical Figure % Correct
Frank Oz: July 2, 1990Jim Henson
53.3%
Ossie Davis: February 25, 1965Malcolm X
48%
Noboru TakeshŃ–ta: February 24, 1989Emperor Hirohito
47.5%
Robert Dole: April 27, 1994President Richard M. Nixon
43.4%
Winston Churchill: November, 1940Prime Minister Neville Chamberlain
37.6%
Senator Lister Hill of Alabama: June 5, 1968Helen Keller
28.3%
Madonna: 1997Gianni Versace
25.6%
King Hussein of Jordan: November 6, 1995Prime Minister Yitzhak Rabin
21.3%
Archbishop Desmond Tutu: September 25, 1977Stephen Biko
14.6%
Dragutin Plasc: May 4, 1980President Josip Broz Tito
14.1%

You're not logged in!

Compare scores with friends on all Sporcle quizzes.
Sign Up with Email
OR
Log In

You Might Also Like...

Show Comments

Extras

Top Quizzes Today


Score Distribution

Your Account Isn't Verified!

In order to create a playlist on Sporcle, you need to verify the email address you used during registration. Go to your Sporcle Settings to finish the process.

Report this User

Report this user for behavior that violates our Community Guidelines.

Details: